000 00316nam a22001457a 4500
008 230926b ||||| |||| 00| 0 eng d
020 _a9780534529581
041 _aeng
080 _a101
082 _a101EIT
100 _a44
101 _aFILOZ
245 _aEXPERIENCING POVERTY
_cEITZEN .S.D
942 _2udc
_cBK
999 _c60397
_d60397